Music Quiz

Random Music or Clickable Quiz

Clicky-oke: 'Adia' by Sarah McLachlan Quiz Stats

 Plays Quiz not verified by Sporcle

Challenge
Share
Tweet
Embed
Score 0/34 Timer 06:00
0 Plays Today
% Correct
does it matter?
97.1%
does it matter?
97.1%
born innocent
97.1%
I failed you
94.1%
I've let you down
94.1%
let yourself believe
94.1%
does it matter?
94.1%
in my way
91.2%
since you left me
91.2%
to carry on
91.2%
we went wrong
91.2%
born innocent
91.2%
we are still innocent
91.2%
from your tower
91.2%
your pain
91.2%
all the beauty you possess
91.2%
does it matter?
91.2%
% Correct
born innocent
91.2%
born innocent
91.2%
I tried so hard
88.2%
we could make it
88.2%
we are still innocent
88.2%
we are still innocent
88.2%
we are still innocent
88.2%
let it go
85.3%
here to blame
85.3%
left to talk to, honey
85.3%
change the way you feel
85.3%
won't betray
85.3%
and everyone
82.4%
to buy our innocence
79.4%
we are still innocent
79.4%
left to finger
76.5%
with your misery
76.5%

You're not logged in!

Compare scores with friends on all Sporcle quizzes.
Join for Free
OR
Log In

You Might Also Like...

Show Comments

Extras

Top Quizzes Today


Score Distribution

Your Account Isn't Verified!

In order to create a playlist on Sporcle, you need to verify the email address you used during registration. Go to your Sporcle Settings to finish the process.

Report this User

Report this user for behavior that violates our Community Guidelines.

Details: